书目信息 |
| 题名: |
测绘工程专业英语
|
|
| 作者: | 尹晖 主编 | |
| 分册: | ||
| 出版信息: | 武汉 武汉大学出版社 2005.01 |
|
| 页数: | 219页 | |
| 开本: | 27cm | |
| 丛书名: | 高等学校测绘工程系列教材 | |
| 单 册: | ||
| 中图分类: | H31 | |
| 科图分类: | ||
| 主题词: | 测绘--ce hui--工程--英语--高等学校--教材 , 工程--gong cheng , 英语--ying yu , 测绘--ce hui | |
| 电子资源: | ||
| ISBN: | 7-307-04393-9 | |
| 000 | 01146nam0 2200301 450 | |
| 001 | 012005000000 | |
| 005 | 20181214081202.77 | |
| 010 | @a7-307-04393-9@dCNY21.00 | |
| 100 | @a20050307d2005 em y0chiy0121 ea | |
| 101 | 0 | @achi@aeng |
| 102 | @aCN@b420000 | |
| 105 | @ay z 000yy | |
| 200 | 1 | @a测绘工程专业英语@Ace hui gong cheng zhuan ye ying yu@d= English for geomatics engineering@f尹晖主编@zeng |
| 210 | @a武汉@c武汉大学出版社@d2005.01 | |
| 215 | @a219页@d27cm | |
| 225 | 2 | @a高等学校测绘工程系列教材@Agao deng xue jiao ce gui gong cheng ji li jiao cai |
| 320 | @a有书目(第217-219页) | |
| 330 | @a本书共分为四大部分,内容覆盖了测绘工程专业所涉及的各个领域,包括工程测量、大地测量、摄影测量、遥感以及地理信息系统等的基本概念、基本理论和基本术语以及当代最新的测绘技术。 | |
| 461 | 0 | @12001 @a高等学校测绘工程系列教材 |
| 510 | 1 | @aEnglish for geomatics engineering@zeng |
| 606 | 0 | @a测绘@Ace hui@x工程@x英语@x高等学校@j教材 |
| 606 | 0 | @a工程@Agong cheng |
| 606 | 0 | @a英语@Aying yu |
| 606 | 0 | @a测绘@Ace hui |
| 690 | @aH31@v4 | |
| 701 | 0 | @a尹晖@Ayin hui@4主编 |
| 801 | 0 | @aCN@bSRXX@c20060605 |
| 905 | @a10447@dH31@eY597 | |
| 测绘工程专业英语= English for geomatics engineering/尹晖主编.-武汉:武汉大学出版社,2005.01 |
| 219页;27cm.-(高等学校测绘工程系列教材) |
| ISBN 7-307-04393-9:CNY21.00 |
| 本书共分为四大部分,内容覆盖了测绘工程专业所涉及的各个领域,包括工程测量、大地测量、摄影测量、遥感以及地理信息系统等的基本概念、基本理论和基本术语以及当代最新的测绘技术。 |
| ● |
| 相关链接 |
|
|
|
正题名:测绘工程专业英语
索取号:H31/Y597
 
预约/预借
| 序号 | 登录号 | 条形码 | 馆藏地/架位号 | 状态 | 备注 |
| 1 | 1282536 | 212825362 | 语言库209/209语言库 89排3列4层/ [索取号:H31/Y597] | 在馆 | |
| 2 | 477563 | 204775635 | 语言库209/209语言库 89排3列4层/ [索取号:H31/Y597] | 在馆 | |
| 3 | 477564 | 204775644 | 语言库209/209语言库 89排3列4层/ [索取号:H31/Y597] | 在馆 | |
| 4 | 486736 | 204867368 | 语言库209/504自科库 22排2列2层/ [索取号:H31/Y597] | 在馆 | |
| 5 | 540107 | 205401073 | 语言库209/209语言库 89排3列4层/ [索取号:H31/Y597] | 在馆 | |
| 6 | 540108 | 205401082 | 语言库209/209语言库 89排3列4层/ [索取号:H31/Y597] | 在馆 | |
| 7 | 540109 | 205401091 | 语言库209/209语言库 89排3列4层/ [索取号:H31/Y597] | 在馆 | |
| 8 | 606437 | 206064373 | 语言库209/209语言库 89排3列4层/ [索取号:H31/Y597] | 在馆 | |
| 9 | 606438 | 206064382 | 语言库209/209语言库 89排3列4层/ [索取号:H31/Y597] | 在馆 | |
| 10 | 606439 | 206064391 | 语言库209/209语言库 89排3列4层/ [索取号:H31/Y597] | 在馆 | |
| 11 | 606440 | 206064408 | 语言库209/209语言库 89排3列4层/ [索取号:H31/Y597] | 在馆 | |
| 12 | 606441 | 206064417 | 语言库209/209语言库 89排3列4层/ [索取号:H31/Y597] | 在馆 | |
| 13 | 606442 | 206064426 | 语言库209/209语言库 89排3列4层/ [索取号:H31/Y597] | 在馆 |